[Event "Agneaux St Lo op"]
[Site "Agneaux"]
[Date "2022.07.12"]
[Round "6"]
[White "Carnet, Anaelle"]
[Black "Hudyma Jez, Vincent"]
[Result "0-1"]
[WhiteElo "1185"]
[BlackElo "1099"]
[PlyCount "82"]
[EventDate "2022.07.09"]
[EventType "swiss"]
[EventRounds "9"]
[EventCountry "FRA"]
[SourceTitle "EXT 2023"]
[Source "ChessBase"]
[SourceDate "2022.10.05"]
[SourceVersion "1"]
[SourceVersionDate "2022.10.05"]
[SourceQuality "1"]

1. e4 e5 2. Nf3 Nc6 3. Bc4 Bc5 4. c3 d6 5. d4 Bb6 6. Bg5 Nf6 7. 0-0 h6 8. Bh4 Be6 9. d5 Na5 10. dxe6 Nxc4 11. Qa4+ c6 12. Qxc4 0-0 13. exf7+ Rxf7 14. Nbd2 Bc5 15. Rfd1 Qe7 16. Nb3 b5 17. Qe2 a5 18. Nxc5 dxc5 19. Rd2 c4 20. Rad1 g5 21. Bg3 Rg7 22. Bxe5 g4 23. Nh4 Qxe5 24. Rd4 c5 25. Rd8+ Rxd8 26. Rxd8+ Kh7 27. Nf5 Rg5 28. Nd6 Qe7 29. Nf7 Qxf7 30. Qd1 Qe7 31. a3 Qxe4 32. Rc8 Rd5 33. Rc7+ Kg6 34. Qc1 Qe2 35. Qb1+ Kh5 36. g3 Rd1+ 37. Qxd1 Qxd1+ 38. Kg2 Ne4 39. Re7 Qf3+ 40. Kg1 Qxf2+ 41. Kh1 Qf1# 0-1